| 000 | 00349nam a22001577a 4500 | ||
|---|---|---|---|
| 003 | SGT | ||
| 020 | _a978-93-5152-370-3 | ||
| 082 |
_a616.07 _bP15M |
||
| 100 | _aMOHAN, HARSH | ||
| 245 | _aPATHOLOGY ( QUICK REVIEW AND MCQs | ||
| 250 | _a4TH | ||
| 260 |
_aNEW DELHI _bJAYPEE PUB _c2015 |
||
| 300 | _a667 | ||
| 650 | _aAYURVEDA | ||
| 942 |
_2ddc _cBK _04 |
||
| 999 |
_c11321 _d11321 |
||